000 00611nmm a2200229 a 4500
003 AR-BaBNM
005 20251128210923.0
008 251020s1976 ||||||||||||||000 | spa||
040 _cAR-BaBNM
245 1 0 _aAntología del cuento extraño
_n3
260 _aBuenos Aires
_bLibrería Hachette
_c1976
300 0 _a210 p.
505 _tEl monstruo verde
_rNerval, Gérard de
650 4 _aCUENTOS
650 4 _aANTOLOGIAS
650 4 _aLITERATURA CONTEMPORANEA
650 4 _aLITERATURA MEDIEVAL
655 _aLITERATURA
700 1 _aWalsh, Rodolfo Jorge
_ecompilador
942 _cBK
998 _cMARTIN
999 _c17461
_d17461